[Event "GER-chT U12"]
[Site "Seifhennersdorf"]
[Date "2001.12.29"]
[Round "6.1"]
[White "Bieber, Friedemann"]
[Black "Wagner, Florian"]
[Result "0-1"]
[WhiteElo "1212"]
[BlackElo "1576"]
[PlyCount "70"]
[EventDate "2001.12.27"]
[EventType "team"]
[EventRounds "7"]
[EventCountry "GER"]
[SourceTitle "EXT 2003"]
[Source "ChessBase"]
[SourceDate "2002.11.25"]
[SourceVersion "1"]
[SourceVersionDate "2002.11.25"]
[SourceQuality "1"]

1. e4 c5 2. Nf3 Nc6 3. Nc3 g6 4. g3 Bg7 5. Bg2 d6 6. d3 e6 7. 0-0 Nge7 8. Be3 0-0 9. Rb1 a6 10. d4 d5 11. exd5 exd5 12. Ne2 Nf5 13. dxc5 Nxe3 14. fxe3 Qe7 15. Kh1 Qxe3 16. b4 Bf5 17. Rb3 Qe6 18. Nf4 Qe4 19. Nh4 Qxc2 20. Qxc2 Bxc2 21. Rc3 Bxc3 22. Rc1 Nxb4 23. a3 Bb2 24. Re1 Bxa3 25. Re3 Bb2 26. Nxd5 Nxd5 27. Bxd5 Bg7 28. Bxb7 Ra7 29. Bf3 Rc7 30. Ra3 Rxc5 31. Rxa6 Bd3 32. Ra3 Rc1+ 33. Kg2 Bf1+ 34. Kg1 Bd4+ 35. Kh1 Bh3+ 0-1

[Event "GER-chT U12"]
[Site "Verden"]
[Date "2000.12.30"]
[Round "6.2"]
[White "Backes, Marco"]
[Black "Bieber, Friedemann"]
[Result "1-0"]
[WhiteElo "960"]
[BlackElo "756"]
[PlyCount "113"]
[EventDate "2000.12.26"]
[EventType "team"]
[EventRounds "7"]
[EventCountry "GER"]
[SourceTitle "EXT 2008"]
[Source "ChessBase"]
[SourceDate "2007.11.25"]
[SourceVersion "1"]
[SourceVersionDate "2007.11.25"]
[SourceQuality "1"]
[WhiteTeam "Schiffweiler U12"]
[BlackTeam "Muenster SK U12"]
[WhiteTeamCountry "GER"]
[BlackTeamCountry "GER"]

1. e4 e5 2. Nf3 Nc6 3. Bc4 Bc5 4. c3 d6 5. d4 exd4 6. cxd4 Bb4+ 7. Bd2 Bxd2+ 8. Nbxd2 Nf6 9. 0-0 0-0 10. Qb3 Na5 11. Qb4 Nxc4 12. Qxc4 Bg4 13. h3 Bxf3 14. Nxf3 Re8 15. Ng5 d5 16. exd5 Qxd5 17. Qxd5 Nxd5 18. Rfe1 h6 19. Nf3 Re7 20. Rxe7 Nxe7 21. Re1 Nc6 22. a3 Rd8 23. Rd1 g5 24. b4 b5 25. Rc1 Nxd4 26. Nxd4 Rxd4 27. Rxc7 Rd1+ 28. Kh2 Rd2 29. f3 a6 30. Rc6 Kg7 31. Rxa6 Ra2 32. Ra5 Kf6 33. Rxb5 Rxa3 34. Rb6+ Kg7 35. b5 Rb3 36. Rb8 Kf6 37. b6 Ke7 38. b7 Kd7 39. Rf8 Ke7 40. b8Q Rxb8 41. Rxb8 Kf6 42. Kg3 h5 43. Rb6+ Kf5 44. h4 f6 45. Rb5+ Kg6 46. Kh3 Kh6 47. g4 hxg4+ 48. fxg4 Kg6 49. h5+ Kh6 50. Rb7 f5 51. Rb6+ Kg7 52. gxf5 Kh7 53. Kg4 Kg7 54. Kxg5 Kh7 55. Rb7+ Kh8 56. Kg6 Kg8 57. Rb8# 1-0

[Event "GER-chT U12"]
[Site "Verden"]
[Date "2000.12.30"]
[Round "7.2"]
[White "Bieber, Friedemann"]
[Black "Schneider, Olaf"]
[Result "1-0"]
[WhiteElo "756"]
[BlackElo "873"]
[PlyCount "113"]
[EventDate "2000.12.26"]
[EventType "team"]
[EventRounds "7"]
[EventCountry "GER"]
[SourceTitle "EXT 2008"]
[Source "ChessBase"]
[SourceDate "2007.11.25"]
[SourceVersion "1"]
[SourceVersionDate "2007.11.25"]
[SourceQuality "1"]
[WhiteTeam "Muenster SK U12"]
[BlackTeam "Kuppenheim Rochade U12"]
[WhiteTeamCountry "GER"]
[BlackTeamCountry "GER"]

1. e4 e5 2. Nf3 Nf6 3. Nc3 Bb4 4. d3 d6 5. h3 Nc6 6. Bg5 Nd4 7. Be2 h6 8. Bh4 Bd7 9. 0-0 0-0 10. Nd5 Nxf3+ 11. Bxf3 g5 12. Bxg5 hxg5 13. Nxb4 Qe7 14. Qd2 Nh7 15. Nd5 Qd8 16. Rad1 c6 17. Nc3 Be6 18. d4 exd4 19. Qxd4 Qa5 20. Qxd6 Bxa2 21. Ra1 Rfd8 22. Qg3 Qc5 23. Rxa2 Qe7 24. h4 b5 25. e5 Qe6 26. Ra6 Rdc8 27. Ne4 Qc4 28. Nd6 Qxc2 29. Nxc8 Rxc8 30. Rxa7 Qxb2 31. hxg5 Qd4 32. Rb7 Qd8 33. g6 Qf8 34. gxf7+ Kh8 35. Qg8+ Qxg8 36. fxg8Q+ Kxg8 37. Rc1 Ng5 38. Rxc6 Nxf3+ 39. gxf3 Rxc6 40. Rxb5 Re6 41. Kg2 Kg7 42. Rd5 Rg6+ 43. Kh3 Rh6+ 44. Kg4 Rg6+ 45. Kf5 Rg2 46. Rd2 Kf7 47. e6+ Ke7 48. Rd7+ Ke8 49. Rc7 Rxf2 50. f4 Rf1 51. Kg5 Rg1+ 52. Kf6 Rd1 53. Rc8+ Rd8 54. Rxd8+ Kxd8 55. f5 Ke8 56. e7 Kd7 57. Kf7 1-0